01425nam a2200301 a 4500001001200000003000800012006001900020007001500039008004100054010001700095020001500112040002100127035002000148050002500168082001800193245032800211260005500539300002500594504006400619533015200683650004000835650003400875655002900909700002500938710001700963856012600980999001701106ebr10041131CaPaEBRm u cr cn|||||||||971104s1997 dcua sb 001 0 eng  z 97076548  z030905530X aCaPaEBRcCaPaEBR a(OCoLC)4285423014aT174.3b.T412 1997eb04a338.9730622100aTechnology transfer systems in the United States and Germanyh[electronic resource] :blessons and perspectives /cH. Norman Abramson ... [et al.] ; Binational Panel on Technology Transfer Systems in the United States and Germany ; Fraunhofer Institute for Systems and Innovation Research ; National Academy of Engineering. aWashington, D.C. :bNational Academy Press,c1997. axvii, 425 p. :bill. aIncludes bibliographical references (p. 381-399) and index. aElectronic reproduction.bPalo Alto, Calif. :cebrary,d2013.nAvailable via World Wide Web.nAccess may be limited to ebrary affiliated libraries. 0aTechnology transferzUnited States. 0aTechnology transferzGermany. 7aElectronic books.2local1 aAbramson, H. Norman.2 aebrary, Inc.40uhttp://site.ebrary.com/lib/rucke/Doc?id=10041131zAn electronic book accessible through the World Wide Web; click to view c60764d60764